Rajasthan ka sanskritik itihas (Record no. 103972)

MARC details
000 -LEADER
fixed length control field 00422nam a2200169Ia 4500
008 - FIXED-LENGTH DATA ELEMENTS--GENERAL INFORMATION
fixed length control field 230917s9999||||xx |||||||||||||| ||und||
020 ## - ISBN
Price RS0.6
040 ## - CATALOGING SOURCE
-- 31985
Original cataloging agency VIVEKANANDA LIBRARY
041 ## - Language
-- English
082 ## - DDC NUMBER
Classification number 301.09544 S23R
100 ## - MAIN ENTRY--PERSONAL NAME
Personal name Sharma, Gopinath
245 #0 - TITLE STATEMENT
Title Rajasthan ka sanskritik itihas
250 ## - EDITION STATEMENT
Edition statement 4th ed.
260 ## - PUBLICATION, DISTRIBUTION, ETC. (IMPRINT)
Place of publication, distribution, etc Jaipur
Name of publisher, distributor, etc Rajasthan Hindi Granth Academy
Date of publication, distribution, etc 1999
300 ## - PHYSICAL DESCRIPTION
Pages 248 p.
942 ## - ADDED ENTRY ELEMENTS (KOHA)
Koha item type Books
Holdings
Withdrawn status Lost status Damaged status Not for loan Location (home branch) Sublocation or collection (holding branch) Date acquired Koha issues (times borrowed) Koha full call number Accession No. Koha date last seen Koha item type
        VIVEKANANDA LIBRARY VIVEKANANDA LIBRARY 08/08/2002   301.09544 S23R 188288 17/09/2023 Books
© Designed and Maintained by Vivekananda Library, MDU Rohtak